Sortiere die Wörter alphabetisch #2 - Statistiken

Allgemein
  • Dieses Quiz wurde 119 mal gespielt
  • Das Durchschnittsergebnis liegt bei 12 aus 16
Antwortstatistiken
durcheinander sortiert % Korrekt
Unfall Ampel
100%
Stau Auto
98%
Eisenbahn Bahnhof
97%
Fußgänger Bus
97%
Auto Eisenbahn
94%
Zebrastreifen Fahrrad
91%
Parkhaus Fahrbahn
89%
Fahrrad Fußgänger
83%
Ampel Kreuzung
80%
Zug Parkhaus
67%
Transporter Stau
65%
Kreuzung Straße
57%
Fahrbahn Transporter
51%
Bahnhof Unfall
49%
Bus Zug
45%
Straße Zebrastreifen
43%
Keine übereinstimmenden Quizze gefunden
Verteilung der Resultate
Anzahl Personen mit jedem Resultat
Perzentil nach korrekt beantworteten Fragen
Ihre Resultats-Entwicklung
Sie haben dieses Quiz noch nicht gespielt